BSOP header

40 John Sung : (Record no. 55367)

MARC details
000 -LEADER
fixed length control field 00516nam a22001817a 4500
005 - DATE AND TIME OF LATEST TRANSACTION
control field 20260211145735.0
008 - FIXED-LENGTH DATA ELEMENTS--GENERAL INFORMATION
fixed length control field 260211b |||||||| |||| 00| 0 eng d
040 ## - CATALOGING SOURCE
Original cataloging agency bsop
100 ## - MAIN ENTRY--PERSONAL NAME
Personal name Sung John
245 ## - TITLE STATEMENT
Title 40 John Sung :
Remainder of title revival sermons /
Statement of responsibility, etc John Sung ; translated by Timothy Tow
264 ## - PRODUCTION, PUBLICATION, DISTRIBUTION, MANUFACTURE STATEMENTS
Place of production, publication, distribution, manufacture Singapore :
Name of producer, publisher, distributor, manufacturer <a href="Christian Life Distributors,">Christian Life Distributors,</a>
Date of production, publication, distribution, manufacture c1983.
300 ## - PHYSICAL DESCRIPTION
Extent xiii, 106 pages ;
Dimensions 20 cm
336 ## - CONTENT TYPE
Content Type Term text
337 ## - MEDIA TYPE
Media Type Term unmediated
338 ## - CARRIER TYPE
Carrier Type Term volume
700 ## - ADDED ENTRY--PERSONAL NAME
Personal name Tow, Timothy
Relator term translator
942 ## - ADDED ENTRY ELEMENTS (KOHA)
Source of classification or shelving scheme Library of Congress Classification
Item type Books
Holdings
Withdrawn status Lost status Source of classification or shelving scheme Damaged status Not for loan Home library Current library Shelving location Date acquired Serial Enumeration / chronology Inventory number Total Checkouts Full call number Barcode Date last seen Price effective from Koha item type
    Library of Congress Classification     BSOP Library BSOP Library GC 02/11/2026 v.II 50292   BV3797 Su7 1983 00062900 02/11/2026 02/11/2026 Books
BSOP

Biblical Seminary of the Philippines
  All rights Reserved
  © 2024

CONTACT INFORMATION

Biblical Seminary of the Philippines,
  77-B Karuhatan Road, Valenzuela City,
  PHILIPPINES 1441
  Phone: +632 8292-6795 / 8292-6798
  Fax : +632 8292-6675
  Email: library@bsop.edu.ph